000 00988nam a2200253Ia 4500
003 GCL
008 140319s9999 xx 000 0 ara d
040 _aGCL /
_cGCL
082 0 4 _a001.6404
_bم م
100 1 _aمحمد الفيومى
245 1 0 _aمقدمة الحاسبات وتشغيل الحاسبات الصغيرةINTRODUCTION TO COMPUTER & OPERATING MICROCOMPUTERS /
_cمحمد الفيومى
260 _a[S.N] :
_bمؤسسة شباب الجامعة ،
_c1989
300 _a253 ص
490 _aسلسلة علم نفسك بنفسك
_v0
650 0 4 _aالهندسة الالكترونية
650 0 4 _aالحاسبات الالكترونية
650 0 4 _aمدخلات الحاسبات الالكترونية
650 0 4 _aمخرجات الحاسبات الالكترونية
650 0 4 _aالطابعات
650 0 4 _aالبرامج
650 0 4 _aاختزان واسترجاع المعلومات
650 0 4 _aالمعارف العامة
942 _2ddc
_cBK
999 _c58665
_d58665